| 000 | 01462cam a22003371i 4500 | ||
|---|---|---|---|
| 003 | SA-RiAUC | ||
| 005 | 20250730060753.0 | ||
| 008 | 250729s2008 xxk g b 000 0 ara c | ||
| 020 | _z1905650156 | ||
| 040 |
_aSA-JeALM _bara _cSA-RiAUC. _erda |
||
| 041 | 1 |
_aara _beng |
|
| 072 | 7 | _aMAI | |
| 082 | 0 | 4 |
_a214.36137 _qSA-RiAUC |
| 090 |
_a214.36137 _bغ ا ن |
||
| 100 | 1 |
_aغانم، إبراهيم البيومي، _d1959- _eمؤلف. |
|
| 245 | 1 | 0 |
_aمقاصد الشريعة الإسلامية في العمل الخيري : _bرؤية حضارية مقارنة = Purposes of islamic voluntary work : a comparative study of civility / _cإبراهيم البيومي غانم. |
| 246 | 3 | 1 |
_aPurposes of islamic voluntary work : _ba comparative study of civility |
| 250 | _aالطبعة الثانية. | ||
| 264 | 1 |
_aلندن : _bمؤسسة الفرقان للتراث الإسلامي، _c2008 |
|
| 300 |
_a123 صفحة ؛ _c20 سم. |
||
| 336 |
_aنص _btxt _2rdacontent _3كتاب |
||
| 337 |
_aبدون وسيط _bn _2rdamedia |
||
| 338 |
_aمجلد _bnc _2rdacarrier |
||
| 490 | 0 |
_aسلسلة المحاضرات ؛ _v7 |
|
| 504 | _aببليوجرافية : صفحة 115-122. | ||
| 546 | _aيشتمل على ملخص باللغة الإنجليزية. | ||
| 650 | 7 |
_aالأعمال الخيرية (فقه إسلامي) _2aucsh |
|
| 650 | 7 |
_aمقاصد الشريعة _2aucsh |
|
| 942 |
_2ddc _cBOOK _n0 |
||
| 949 |
_aSA-JeALM _d250729 _uosman123 _n1 |
||
| 999 |
_c10394 _d10394 |
||